000 00497nam a2200181Ia 4500
005 20250317123619.0
008 008 250317s9999 xx 000 0 eng d
037 _aTextbook
040 _aFMSL
_beng
_cFMSL
041 _aeng
_2eng
084 _aD658(B) L1
_qFMSL
100 _aGruenberger F
_9735518
245 0 _aCompurting: second course
260 _aNY
_bNY, Harper & Row
_c1971
300 _a253p
942 _cTB
_hD658(B) L1
999 _c1252026
_d1252026